Terrane accretion and orogenic belts /

Bibliographic Details
Other Authors: Leitch, Evan C., Scheibner, Erwin
Format: Book
Language:English
Published: Washington, D.C. : Boulder, Colo. : American Geophysical Union ; Geological Society of America, 1987.
Series:Geodynamics series ; v. 19.
Subjects:

MARC

Tag First Indicator Second Indicator Subfields
LEADER 00000cam a2200000 a 4500
001 in00000012692
005 20151007051901.0
008 870107s1987 dcua b 00000 eng
010 |a  87001772  
020 |a 0875905161 
035 |a (OCoLC)15109257 
035 |9 AAA5267AM 
040 |a DLC  |c DLC  |d TXA  |d UtOrBLW 
049 |a TXAM  |c [A12605889] 
050 0 0 |a QE601  |b .T47 1987 
082 0 |a 551.8  |2 19 
245 0 0 |a Terrane accretion and orogenic belts /  |c edited by Evan C. Leitch, Erwin Scheibner. 
264 1 |a Washington, D.C. :  |b American Geophysical Union ;  |a Boulder, Colo. :  |b Geological Society of America,  |c 1987. 
300 |a ix, 343 pages :  |b illustrations (some folded) ;  |c 28 cm. 
336 |a text  |b txt  |2 rdacontent 
337 |a unmediated  |b n  |2 rdamedia 
338 |a volume  |b nc  |2 rdacarrier 
490 1 |a Geodynamics series,  |x 0277-6669 ;  |v v. 19 
504 |a Includes bibliographical references. 
650 0 |a Geology, Structural. 
650 0 |a Orogeny. 
700 1 |a Leitch, Evan C. 
700 1 |a Scheibner, Erwin. 
830 0 |a Geodynamics series ;  |v v. 19. 
999 |a MARS 
999 f f |s ae1ed66a-de90-34b2-8b57-93ed632824b5  |i 30789461-80c9-369c-a6c3-7ea96d115f3d  |t 0 
952 f f |p ric  |a Texas A&M University  |b Rellis Campus  |c Joint Library Facility  |d Remote Storage  |t 0  |e QE601 .T47 1987  |h Library of Congress classification  |i unmediated -- volume  |m A14812605889 
998 f f |a QE601 .T47 1987  |t 0  |l Remote Storage